LEADER 01223nlm 2200313Ia 450 001 996711709303316 005 20260303090134.0 100 $a19840822d1700---- uy | 101 0 $aeng 102 $aUS 135 $adrcnu 200 1 $a<> discourse of sea-ports$eprincipally the port and haven of Dover$fwritten by Sir Walter Rawleigh and address'd to Queen Elizabeth ; with useful remarks &c, on that subject by command of His late Majesty K. Charles the second 210 1 $aLondon$cPrinted for and sold by John Nutt$d1700 215 $aTesto elettronico (PDF) (16 p.) 230 $aBase dati testuale 300 $a"Mai reso pubblico prima" 300 $aAttribuito anche a Sir Dudley Digges - stampe NUC precedenti al 1956 300 $aRiproduzione dell'originale presso la Goldsmiths Library, University of London. 300 $aAltri autori: Digges, Dudley, Sir, 1583-1639. 606 0 $aPorti$yInghilterra$2BNCF 676 $a387.1 700 1$aRALEIGH,$bWalter$cSir,$f1552?-1618.$0165551 701 1$aDIGGES,$bDudley$cSir,$f1583-1639.$0322301 801 0$aIT$bcba$cREICAT 912 $a996711709303316 959 $aEB 969 $aER 996 $aDiscourse of sea-ports$94548699 997 $aUNISA